ბათუმის შოთა რუსთაველის სახელმწიფო უნივერსიტეტის ბიბლიოთეკა

Эволюция человека : (ბიბ.ჩანაწერი № 61409)

000 -LEADER
fixed length control field 00629nam a22001697a 4500
005 - DATE AND TIME OF LATEST TRANSACTION
control field 20240307122126.0
008 - FIXED-LENGTH DATA ELEMENTS--GENERAL INFORMATION
fixed length control field 240307s2005 ru ||||| |||| 00| 0 rus d
020 ## - INTERNATIONAL STANDARD BOOK NUMBER
International Standard Book Number 5020338265
041 ## - LANGUAGE CODE
Language code of text/sound track or separate title rus
080 ## - UNIVERSAL DECIMAL CLASSIFICATION NUMBER
Universal Decimal Classification number 572.1/4 K-59
100 ## - MAIN ENTRY--PERSONAL NAME
Personal name Козлова, М.С.
9 (RLIN) 21363
245 ## - TITLE STATEMENT
Title Эволюция человека :
Remainder of title Прошлое,настоящее,будущее /
Statement of responsibility, etc. М.С. Козлова.
264 ## - PRODUCTION, PUBLICATION, DISTRIBUTION, MANUFACTURE, AND COPYRIGHT NOTICE
Place of production, publication, distribution, manufacture Москва :
Name of producer, publisher, distributor, manufacturer Наука,
Date of production, publication, distribution, manufacture, or copyright notice 2005.
300 ## - PHYSICAL DESCRIPTION
Extent 110 c.
Other physical details 22 cm.
653 ## - INDEX TERM--UNCONTROLLED
keyword ადამიანის ევოლუცია წარსული, აწმყო, მომავალი.
942 ## - ADDED ENTRY ELEMENTS (KOHA)
Source of classification or shelving scheme
Koha item type წიგნი
ეგზემპლარები
Withdrawn status Lost status Source of classification or shelving scheme Damaged status Not for loan Permanent Location Current Location Shelving location Date acquired Cost, normal purchase price Full call number Barcode Date last seen Copy number Uniform Resource Identifier Price effective from Koha item type Public note
          ბათუმის შოთა რუსთაველის სახელმწიფო უნივერსიტეტის მთავარი ბიბლიოთეკა ბათუმის შოთა რუსთაველის სახელმწიფო უნივერსიტეტის მთავარი ბიბლიოთეკა წიგნსაცავი 2024-03-07 5.00 572.1/4 K-59 65747 2024-03-07 65747 ბსუ-ს საპატიო დოქტორის გურამ ლორთქიფანიძის საჩუქარი 2024-03-07 წიგნი 5 ლ.